000 00571nam a2200193Ia 4500
003 LDD
008 181029s9999 xx 000 0 und d
020 _a9781851687428
_c695.00
040 _cLDD
100 _aDyer, Gwynne
245 0 _aClimate wars
_bthe fight for survival as the world overheats
_cGwynne Dyer
260 _aEngland
_bOneworld Oxford
_c2011
300 _axv, 297p.
365 _b695.00
901 _a7741
_b27-09-2011
902 _a10373
_b29-09-2011
_cF
_dUPPAL
_e32
903 _aDiscount-15
_bReqst by : S.V.Reddy
942 _2ddc
_cBK
999 _c98527
_d98527